<?xml version="1.0" encoding="UTF-8"?>
<record
    xmlns:xsi="http://www.w3.org/2001/XMLSchema-instance"
    xsi:schemaLocation="http://www.loc.gov/MARC21/slim http://www.loc.gov/standards/marcxml/schema/MARC21slim.xsd"
    xmlns="http://www.loc.gov/MARC21/slim">

  <leader>00793nam a22002537a 4500</leader>
  <controlfield tag="005">20170123162348.0</controlfield>
  <datafield tag="010" ind1=" " ind2=" ">
    <subfield code="a">A-550972</subfield>
  </datafield>
  <datafield tag="020" ind1=" " ind2=" ">
    <subfield code="c">40.00</subfield>
  </datafield>
  <datafield tag="035" ind1=" " ind2=" ">
    <subfield code="a">A-550972</subfield>
  </datafield>
  <datafield tag="037" ind1=" " ind2=" ">
    <subfield code="b">Cen Lib/Ret</subfield>
  </datafield>
  <datafield tag="040" ind1=" " ind2=" ">
    <subfield code="a">DPL</subfield>
    <subfield code="b">UR</subfield>
  </datafield>
  <datafield tag="082" ind1=" " ind2=" ">
    <subfield code="a">080</subfield>
    <subfield code="b">&#x642; &#x645; &#x631; </subfield>
  </datafield>
  <datafield tag="100" ind1=" " ind2=" ">
    <subfield code="a">&#x642;&#x645;&#x631; &#x622;&#x633;&#x62A;&#x627;&#x646; &#x62E;&#x627;&#x646; </subfield>
    <subfield code="9">109141</subfield>
  </datafield>
  <datafield tag="245" ind1=" " ind2=" ">
    <subfield code="a">&#x635;&#x631;&#x627;&#x637; &#x645;&#x633;&#x62A;&#x642;&#x6CC;&#x645; /</subfield>
    <subfield code="c">&#x642;&#x645;&#x631; &#x622;&#x633;&#x62A;&#x627;&#x646; &#x62E;&#x627;&#x646; </subfield>
    <subfield code="b">&#x62D;&#x6CC;&#x627;&#x62A; &#x648; &#x627;&#x641;&#x6A9;&#x627;&#x631; /</subfield>
  </datafield>
  <datafield tag="246" ind1=" " ind2=" ">
    <subfield code="a">Sirat-e-mustaqeem /</subfield>
    <subfield code="b">by Qamar Astan Khan </subfield>
  </datafield>
  <datafield tag="260" ind1=" " ind2=" ">
    <subfield code="a">&#x67E;&#x679;&#x646;&#x6C1; </subfield>
    <subfield code="b">&#x62E;&#x62F;&#x627; &#x628;&#x62E;&#x634; &#x648;&#x631;&#x626;&#x6CC;&#x6D2;&#x646;&#x679;&#x644; &#x67E;&#x628;&#x644;&#x6A9; &#x644;&#x627;&#x626;&#x628;&#x631;&#x6CC;&#x631;&#x6CC; </subfield>
    <subfield code="c">1992</subfield>
  </datafield>
  <datafield tag="270" ind1=" " ind2=" ">
    <subfield code="b">&#x67E;&#x679;&#x646;&#x6C1; </subfield>
  </datafield>
  <datafield tag="300" ind1=" " ind2=" ">
    <subfield code="a">216p.</subfield>
    <subfield code="c">21cm(Hb)</subfield>
  </datafield>
  <datafield tag="650" ind1=" " ind2=" ">
    <subfield code="a">&#x635;&#x62D;&#x627;&#x641;&#x62A;</subfield>
    <subfield code="9">134912</subfield>
  </datafield>
  <datafield tag="650" ind1=" " ind2=" ">
    <subfield code="a">&#x645;&#x636;&#x627;&#x645;&#x6CC;&#x646; </subfield>
    <subfield code="9">134913</subfield>
  </datafield>
  <datafield tag="650" ind1=" " ind2=" ">
    <subfield code="a">Journalism</subfield>
    <subfield code="9">134914</subfield>
  </datafield>
  <datafield tag="650" ind1=" " ind2=" ">
    <subfield code="a">Articles</subfield>
    <subfield code="9">131350</subfield>
  </datafield>
  <datafield tag="942" ind1=" " ind2=" ">
    <subfield code="2">ddc</subfield>
    <subfield code="c">UR</subfield>
    <subfield code="h">080</subfield>
    <subfield code="m">&#x642; &#x645; &#x631; </subfield>
  </datafield>
  <datafield tag="999" ind1=" " ind2=" ">
    <subfield code="c">109047</subfield>
    <subfield code="d">109047</subfield>
  </datafield>
  <datafield tag="952" ind1=" " ind2=" ">
    <subfield code="0">0</subfield>
    <subfield code="1">0</subfield>
    <subfield code="4">0</subfield>
    <subfield code="7">0</subfield>
    <subfield code="a">L</subfield>
    <subfield code="b">L</subfield>
    <subfield code="d">2016-02-18</subfield>
    <subfield code="e">Cen Lib/Ret</subfield>
    <subfield code="g">40.00</subfield>
    <subfield code="l">0</subfield>
    <subfield code="o">080 &#x642; &#x645; &#x631;</subfield>
    <subfield code="p">A-550972</subfield>
    <subfield code="r">2016-02-18 00:00:00</subfield>
    <subfield code="t">1</subfield>
    <subfield code="v">40.00</subfield>
    <subfield code="w">2016-02-18</subfield>
    <subfield code="y">UR</subfield>
  </datafield>
</record>
